<?xml version="1.0" encoding="UTF-8"?><?xml-stylesheet type="text/xsl" href="static/style.xsl"?><OAI-PMH xmlns="http://www.openarchives.org/OAI/2.0/" xmlns:xsi="http://www.w3.org/2001/XMLSchema-instance" xsi:schemaLocation="http://www.openarchives.org/OAI/2.0/ http://www.openarchives.org/OAI/2.0/OAI-PMH.xsd"><responseDate>2026-04-17T06:14:12Z</responseDate><request verb="GetRecord" identifier="oai:www.recercat.cat:2099/15985" metadataPrefix="marc">https://recercat.cat/oai/request</request><GetRecord><record><header><identifier>oai:recercat.cat:2099/15985</identifier><datestamp>2026-01-21T02:32:40Z</datestamp><setSpec>com_2072_1033</setSpec><setSpec>col_2072_452949</setSpec></header><metadata><record xmlns="http://www.loc.gov/MARC21/slim" xmlns:dcterms="http://purl.org/dc/terms/" xmlns:xsi="http://www.w3.org/2001/XMLSchema-instance" xmlns:doc="http://www.lyncode.com/xoai" xsi:schemaLocation="http://www.loc.gov/MARC21/slim http://www.loc.gov/standards/marcxml/schema/MARC21slim.xsd">
   <leader>00925njm 22002777a 4500</leader>
   <datafield ind2=" " ind1=" " tag="042">
      <subfield code="a">dc</subfield>
   </datafield>
   <datafield ind2=" " ind1=" " tag="720">
      <subfield code="a">Dávila López, Arturo</subfield>
      <subfield code="e">author</subfield>
   </datafield>
   <datafield ind2=" " ind1=" " tag="260">
      <subfield code="c">2014-06</subfield>
   </datafield>
   <datafield ind2=" " ind1=" " tag="520">
      <subfield code="a">México es actualmente, uno de los pocos países del mundo que proyecta el turismo desde el Estado. Para&#xd;
cumplir esta función creó el Fondo Nacional de Fomento al Turismo (FONATUR), que planificó y desarrolló&#xd;
(entre 1974 y 1984) cinco enclaves turísticos de costa a lo largo del país, apostando por el turismo de sol y&#xd;
playa como reactivador económico. Este trabajo se centra en el análisis e interpretación de sus cinco&#xd;
proyectos iniciales desde su morfología y estructura, preguntándose, además, por su relación con el soporte&#xd;
físico-natural. Las conclusiones apuntan a que los proyectos se conforman por piezas claramente&#xd;
identificables y repetitivas, y que se adaptan a las características de cada entorno.</subfield>
   </datafield>
   <datafield ind2=" " ind1=" " tag="520">
      <subfield code="a">México is currently one of the few countries in the world that develops tourism projects from the State itself.&#xd;
To carry out this function was created in 1974 the National Trust Fund for Tourism Development&#xd;
(FONATUR), who planned and developed (between 1974 and 1984) five tourist coastal sites along the&#xd;
country, betting on sun and beach tourism as economic activator. The present work focuses in the analysis&#xd;
and interpretation of its five initial projects, delving into its gestation and, in particular, in its morphology and&#xd;
structure; and wondering, in addition, about its relationship with the physical and natural support. The&#xd;
conclusions points out that the projects are made of clearly identifiable and reproducible packets that are&#xd;
adapted to the characteristics of each environment.</subfield>
   </datafield>
   <datafield ind2=" " ind1=" " tag="520">
      <subfield code="a">Peer Reviewed</subfield>
   </datafield>
   <datafield tag="653" ind2=" " ind1=" ">
      <subfield code="a">Àrees temàtiques de la UPC::Urbanisme::Planejament urbà</subfield>
   </datafield>
   <datafield tag="653" ind2=" " ind1=" ">
      <subfield code="a">Tourist trade and city planning -- Mexico</subfield>
   </datafield>
   <datafield tag="653" ind2=" " ind1=" ">
      <subfield code="a">Turismo</subfield>
   </datafield>
   <datafield tag="653" ind2=" " ind1=" ">
      <subfield code="a">Ciudad Turística</subfield>
   </datafield>
   <datafield tag="653" ind2=" " ind1=" ">
      <subfield code="a">México</subfield>
   </datafield>
   <datafield tag="653" ind2=" " ind1=" ">
      <subfield code="a">Morfología de tejidos</subfield>
   </datafield>
   <datafield tag="653" ind2=" " ind1=" ">
      <subfield code="a">Tourism</subfield>
   </datafield>
   <datafield tag="653" ind2=" " ind1=" ">
      <subfield code="a">Touristic City</subfield>
   </datafield>
   <datafield tag="653" ind2=" " ind1=" ">
      <subfield code="a">Morphology of the structures</subfield>
   </datafield>
   <datafield tag="653" ind2=" " ind1=" ">
      <subfield code="a">Turisme i urbanisme -- Mèxic</subfield>
   </datafield>
   <datafield ind2="0" ind1="0" tag="245">
      <subfield code="a">Centros integralmente planeados (CIPS) en México: las piezas del proyecto turístico de FONATUR</subfield>
   </datafield>
</record></metadata></record></GetRecord></OAI-PMH>